Central Library OPAC University of Rajshahi

Jomini and his Summary of the art of war / (Record no. 59807)

MARC details
000 -LEADER
fixed length control field 00988nam a2200277 a 4500
001 - CONTROL NUMBER
control field 59807
003 - CONTROL NUMBER IDENTIFIER
rucl marc code BD-RjUL
005 - DATE AND TIME OF LATEST TRANSACTION
control field 20211209080754.0
008 - FIXED-LENGTH DATA ELEMENTS--GENERAL INFORMATION
fixed length control field 161227s19581947dcua 000 0 eng d
035 ## - SYSTEM CONTROL NUMBER
System control number (BD-RjUL)
040 ## - CATALOGING SOURCE
Original cataloging agency AAU
Transcribing agency AAU
Modifying agency YSM
-- ZCU
-- BD-RjUL
Language of cataloging eng
041 1# - LANGUAGE CODE
Language code of text/sound track or separate title eng
082 ## - DEWEY DECIMAL CLASSIFICATION NUMBER
Edition number 23
Classification number 355.02
Author mark and year JOJ 1958
100 1# - MAIN ENTRY--PERSONAL NAME
Personal name Jomini, Antoine Henri.
Dates associated with a name 1779-1869.
9 (RLIN) 177985
245 00 - TITLE STATEMENT
Title Jomini and his Summary of the art of war /
Statement of responsibility, etc. a condensed version edited, and with an introduction, by Lt. Col. J.D. Hittle ... Harrisburg, [Pa.]
260 ## - PUBLICATION, DISTRIBUTION, ETC. (IMPRINT)
Place of publication, distribution, etc. Harrisburg :
Name of publisher, distributor, etc. Military Service,
Date of publication, distribution, etc. c1947 [printed 1958].
300 ## - PHYSICAL DESCRIPTION
Pagination [6], 161 p. :
Illustrations ill. ;
Size 20 cm.
490 1# - SERIES STATEMENT
Series statement Military classics.
500 ## - GENERAL NOTE
General note Cover-title: Jomini's Art of war.
650 #0 - SUBJECT ADDED ENTRY--TOPICAL TERM
Topical term or geographic name as entry element Military art and science.
9 (RLIN) 177743
700 1# - ADDED ENTRY--PERSONAL NAME
Personal name Hittle, J. D.
Fuller form of name (James Donald),
Dates associated with a name 1915-,
Relator term editor.
830 #0 - SERIES ADDED ENTRY--UNIFORM TITLE
Uniform title Military classics.
942 ## - ADDED ENTRY ELEMENTS (KOHA)
Source of classification or shelving scheme Dewey Decimal Classification
Koha item type Books
Holdings
Lost status Source of classification or shelving scheme Damaged status Not for loan Collection code Permanent Location Current Location Shelving location Date acquired Source of acquisition Total Checkouts Full call number Date last seen Copy number Koha item type
  Dewey Decimal Classification   Not For Loan Non-fiction Central Library, University of Rajshahi Central Library, University of Rajshahi Reading Room 09/01/1964 Zeitlinger   355.02 JOJ 1958 27/12/2016 C-1 Books